[Event "SM-2022-0-00475"]
[Site "LSS email"]
[Date "2022.07.24"]
[Round "?"]
[White "Leemans, Robert"]
[Black "Ozen, Bahadir"]
[Result "1/2-1/2"]
[WhiteElo "2311"]
[BlackElo "2213"]
[PlyCount "55"]
[EventDate "2022.06.06"]
[EventType "tourn (corr)"]
[EventRounds "6"]
[EventCountry "GER"]
[SourceTitle "Corr 2024"]
[Source "ChessBase"]
[SourceDate "2023.10.19"]
[SourceVersion "1"]
[SourceVersionDate "2023.10.19"]
[SourceQuality "1"]

1. e4 e5 2. Nf3 Nc6 3. Bb5 a6 4. Ba4 Nf6 5. 0-0 Be7 6. Re1 b5 7. Bb3 0-0 8. c3 d5 9. exd5 Nxd5 10. Nxe5 Nxe5 11. Rxe5 c6 12. d4 Bd6 13. Re1 Qh4 14. g3 Qh3 15. Re4 g5 16. Qf1 Qh5 17. Nd2 Bh3 18. Qe2 Qg6 19. Nf3 f6 20. Ne1 Kh8 21. Bd2 Bf5 22. f3 g4 23. Bxd5 cxd5 24. Re3 Bf4 25. Re7 Bd6 26. Re3 Bf4 27. Re7 Bd6 28. Re3 1/2-1/2

[Event "SM-2022-0-00475"]
[Site "LSS email"]
[Date "2022.07.24"]
[Round "?"]
[White "Zholob, Anatolij"]
[Black "Leemans, Robert"]
[Result "1/2-1/2"]
[WhiteElo "2184"]
[BlackElo "2311"]
[PlyCount "54"]
[EventDate "2022.06.06"]
[EventType "tourn (corr)"]
[EventRounds "6"]
[EventCountry "GER"]
[SourceTitle "Corr 2024"]
[Source "ChessBase"]
[SourceDate "2023.10.19"]
[SourceVersion "1"]
[SourceVersionDate "2023.10.19"]
[SourceQuality "1"]

1. e4 e6 2. d4 d5 3. Nc3 Bb4 4. e5 c5 5. a3 Bxc3+ 6. bxc3 Ne7 7. Qg4 cxd4 8. Qxg7 Rg8 9. Qxh7 Qc7 10. Ne2 Nbc6 11. f4 dxc3 12. Qd3 d4 13. Nxd4 Nxd4 14. Qxd4 Bd7 15. Rg1 Nf5 16. Qf2 Qc6 17. Bd3 Qd5 18. Rb1 Bc6 19. Rb3 0-0-0 20. Rxc3 Kb8 21. g4 Nd4 22. Rg3 Qh1+ 23. Bf1 b6 24. Bb2 Be4 25. h3 Rh8 26. Bc1 Rd5 27. Qg1 Nf3+ 1/2-1/2

[Event "WC-2018-S-00004"]
[Site "LSS email"]
[Date "2018.08.23"]
[Round "?"]
[White "Ortiz, Manuel"]
[Black "Leemans, Robert"]
[Result "1/2-1/2"]
[WhiteElo "2288"]
[BlackElo "2300"]
[PlyCount "54"]
[EventDate "2018.09.01"]
[EventType "tourn (corr)"]
[EventRounds "12"]
[EventCountry "GER"]
[SourceTitle "Corr 2022"]
[Source "ChessBase"]
[SourceDate "2021.10.24"]
[SourceVersion "1"]
[SourceVersionDate "2021.10.24"]
[SourceQuality "1"]

1. e4 c5 2. Nf3 d6 3. d4 cxd4 4. Nxd4 Nf6 5. Nc3 a6 6. Be3 e5 7. Nb3 Ng4 8. Bc1 Be7 9. Be2 Nf6 10. Bg5 Be6 11. Bxf6 Bxf6 12. Qd3 0-0 13. Rd1 Be7 14. Nd5 Bxd5 15. Qxd5 Qc7 16. Bg4 g6 17. 0-0 h5 18. Bh3 Nc6 19. c3 b5 20. g3 Kg7 21. Nd2 Rab8 22. Qd3 Rh8 23. Kg2 Bf6 24. Rfe1 Ne7 25. Nf1 Rhd8 26. Ne3 Bg5 27. Kg1 Bxe3 1/2-1/2

[Event "WC-2017-Q-00004"]
[Site "LSS email"]
[Date "2017.08.22"]
[Round "?"]
[White "Leemans, Robert"]
[Black "Jablonski, Czeslaw"]
[Result "1-0"]
[WhiteElo "2293"]
[BlackElo "2174"]
[PlyCount "73"]
[EventDate "2017.09.01"]
[EventType "tourn (corr)"]
[EventRounds "12"]
[EventCountry "GER"]
[SourceTitle "Corr 2022"]
[Source "ChessBase"]
[SourceDate "2021.10.24"]
[SourceVersion "1"]
[SourceVersionDate "2021.10.24"]
[SourceQuality "1"]

1. d4 Nf6 2. c4 e6 3. g3 Bb4+ 4. Bd2 Be7 5. Bg2 d5 6. Nf3 0-0 7. 0-0 c6 8. Qc2 b6 9. Rd1 Ba6 10. b3 Nbd7 11. a4 Ne4 12. Be1 f5 13. Nc3 Bb7 14. a5 bxa5 15. e3 Bb4 16. Ne2 g5 17. Nc1 c5 18. Nd3 dxc4 19. bxc4 Qc7 20. h4 g4 21. Ng5 Nxg5 22. hxg5 Bxg2 23. Kxg2 Rf7 24. Nf4 cxd4 25. exd4 e5 26. Ne6 Qb6 27. d5 Rc8 28. Bd2 Qb7 29. Kg1 Nc5 30. Bxb4 axb4 31. Nxc5 Rxc5 32. d6 Qd7 33. Ra6 Rf8 34. Qa2 Rf7 35. Ra5 b3 36. Qa3 Rxa5 37. Qxa5 1-0

[Event "WC-2017-Q-00004"]
[Site "LSS email"]
[Date "2017.08.22"]
[Round "?"]
[White "Leemans, Robert"]
[Black "Wisham, Clyde"]
[Result "1/2-1/2"]
[WhiteElo "2293"]
[BlackElo "2163"]
[PlyCount "64"]
[EventDate "2017.09.01"]
[EventType "tourn (corr)"]
[EventRounds "12"]
[EventCountry "GER"]
[SourceTitle "Corr 2022"]
[Source "ChessBase"]
[SourceDate "2021.10.24"]
[SourceVersion "1"]
[SourceVersionDate "2021.10.24"]
[SourceQuality "1"]

1. d4 Nf6 2. c4 e6 3. Nf3 b6 4. Nc3 Bb7 5. a3 d5 6. cxd5 Nxd5 7. Qc2 Nxc3 8. bxc3 Nd7 9. e4 c5 10. Bf4 cxd4 11. cxd4 Rc8 12. Qb3 Be7 13. Bd3 0-0 14. 0-0 g5 15. Be3 g4 16. Nd2 e5 17. Qd1 h5 18. d5 f5 19. exf5 Nf6 20. Qe2 Kh7 21. f3 Qxd5 22. Rad1 Qg8 23. Kh1 Rfd8 24. Bf2 gxf3 25. Nxf3 e4 26. Bh4 exf3 27. Qxe7+ Qg7 28. Rfe1 Rf8 29. Qxg7+ Kxg7 30. Kg1 fxg2 31. Bb1 Rc5 32. Ba2 Bf3 1/2-1/2

[Event "WC-2017-Q-00004"]
[Site "LSS email"]
[Date "2017.08.22"]
[Round "?"]
[White "Tsygankov, Evgeny Georgievich"]
[Black "Leemans, Robert"]
[Result "1/2-1/2"]
[WhiteElo "2458"]
[BlackElo "2293"]
[PlyCount "68"]
[EventDate "2017.09.01"]
[EventType "tourn (corr)"]
[EventRounds "12"]
[EventCountry "GER"]
[SourceTitle "Corr 2022"]
[Source "ChessBase"]
[SourceDate "2021.10.24"]
[SourceVersion "1"]
[SourceVersionDate "2021.10.24"]
[SourceQuality "1"]

1. Nf3 Nf6 2. g3 e6 3. Bg2 d5 4. 0-0 Be7 5. d3 0-0 6. b3 c5 7. Bb2 Nc6 8. e3 b5 9. c4 bxc4 10. dxc4 Ba6 11. Nbd2 Qb6 12. Qc2 Rfd8 13. a3 Rab8 14. Rab1 h6 15. Rfd1 Nd7 16. Ba1 Bb7 17. Ne1 Nf8 18. Ndf3 dxc4 19. Rxd8 Nxd8 20. Qxc4 f6 21. Nd2 Nf7 22. Bc3 Nd6 23. Qg4 g6 24. Qd1 Rd8 25. Qc2 e5 26. Bxb7 Qxb7 27. Ba5 Rd7 28. Nd3 Nf7 29. Qc4 Kg7 30. Rc1 Ne6 31. h4 Rd5 32. Ne4 f5 33. Nc3 Rd6 34. Na4 Qa6 1/2-1/2